| 000 | 00519nam a2200181 a 4500 | ||
|---|---|---|---|
| 003 | PILC | ||
| 005 | 20150519091754.0 | ||
| 008 | 030810s enk 000 0 eng d | ||
| 020 | _a0140217150 | ||
| 050 | 0 | 0 |
_aBF455 _b.D35 1973 |
| 100 | 1 |
_aDe Bono, Edward, _d1933- |
|
| 245 | 1 | 0 |
_aPo : _bbeyond yes & no / _cEdward de Bono. |
| 260 |
_aHarmondsworth : _bPenguin Books, _c1973. |
||
| 300 |
_a175 pages : _billustrations ; _c18 cm. |
||
| 440 | 0 | _aPelican books. | |
| 650 | 0 | _aThought and thinking. | |
| 942 |
_2lcc _cBK _kFOR |
||
| 999 |
_c284017 _d284017 |
||